STN EN 303-1: 2000 (07 0251) [neplatná], Vykurovacie kotly Časť 1 Vykurovacie kotly s tlakovými horákmi. Názvoslovie, všeobecné požiadavky, skúšanie a označovanie

Norma je identická s EN 303-1: 1999

Bibliographic Details
Corporate Author: THERMECO (Ivanka pri Dunaji, Slovensko) (Translator)
Other Authors: Pastor, Ľudomil (Translator)
Format: Book
Language:Slovak
English
PhysicalDescription:28 s. obr., tab.
Published: Bratislava Slovenský ústav technickej normalizácie 2000
Subjects:

MARC

LEADER 00000cam a22000001i 4500
001 vtls009731174
003 SK-MaSNL
005 20260301130204.0
008 090725s2000 xo a f u 000 0 slo
020 |c 210,- Sk 
035 |a (SVKBBclas03)vtls000109668 
040 |a SNK  |b slo  |c SNK  |e AACR2 
041 1 |a slo  |h eng 
044 |a xo  |c SK 
046 |a m  |m 20001001 (účin.)  |n 20180301 (zruš.) 
084 |a 91.140.10  |2 ICS 
130 0 |a STN 07 0251 (STN EN 303-1) [neplatná]  |9 477285 
245 1 0 |a STN EN 303-1: 2000 (07 0251) [neplatná], Vykurovacie kotly  |n Časť 1  |p Vykurovacie kotly s tlakovými horákmi. Názvoslovie, všeobecné požiadavky, skúšanie a označovanie 
246 1 0 |a Vykurovacie kotly 
246 1 0 |a Vykurovacie kotly s tlakovými horákmi 
246 1 0 |a Názvoslovie, všeobecné požiadavky, skúšanie a označovanie 
260 |a Bratislava  |b Slovenský ústav technickej normalizácie  |c 2000 
300 |a 28 s.  |b obr., tab. 
500 |a Spracovateľ: THERMECO Ivanka pri Dunaji, Ľudomil Pastor 
500 |a Norma je spolu s normou STN EN 15034 z marca 2007 nahradená anglickou verziou normy STN EN 303-1 z marca 2018, ktorú nahradila slovenská verzia normy STN EN 303-1 zo septembra 2018 v celom rozsahu 
520 8 |a Norma je identická s EN 303-1: 1999 
540 |a STN vydané na akomkoľvek nosiči sa môžu rozmnožovať a rozširovať iba so súhlasom určenej právnickej osoby  |b SÚTN Bratislava  |c zákon 164/1999 Z. z. 
650 0 7 |a technické normy a štandardy  |z Slovensko  |2 SNKPH  |9 79594 
650 0 7 |a technické normy a štandardy  |z krajiny Európskej únie  |2 SNKPH  |9 289341 
655 7 |a normy  |2 SNKPH  |9 70643 
700 1 |a Pastor, Ľudomil  |4 trl  |9 430336 
710 1 |a Slovensko.  |b Úrad pre normalizáciu, metrológiu a skúšobníctvo  |4 stn  |9 158117 
710 2 |a Slovenský ústav technickej normalizácie  |4 stn  |9 32706 
710 2 |a THERMECO (Ivanka pri Dunaji, Slovensko)  |4 trl  |9 409271 
774 1 8 |t STN EN 303-1/A1: 2004  |d Bratislava : Slovenský ústav technickej normalizácie, 2004  |w vtls009931385 
852 |a Štátna vedecká knižnica v Banskej Bystrici 
958 |a OP 
999 |c 744707  |d 746637 
952 |t P60, <03>, [BOOK], {603}  |a SNK  |b SNK  |y PREZ  |7 0  |p 17A0300713  |o snkSTN EN 303-1  |i snkN 1164/2001  |0 0  |1 0  |4 0  |d 2001-05-18  |l 0  |r 2005-01-02 00:00:00  |w 2026-02-23 
952 |t P60, <04>, [BOOK], {604}  |a SNK  |b SNK  |y VYP  |7 0  |p 17A0300712  |o snkSTN EN 303-1 D1  |i snkN 1165/2001  |0 0  |1 0  |4 0  |d 2001-05-18  |l 0  |r 2005-01-02 00:00:00  |w 2026-02-23